|
|
|
|
| LEADER |
00000nam0a2200000 4500 |
| 001 |
343687 |
| 005 |
20231102005603.0 |
| 010 |
|
|
|a 9785918841129
|
| 035 |
|
|
|a (RuTPU)RU\TPU\book\374112
|
| 090 |
|
|
|a 343687
|
| 100 |
|
|
|a 20191014d2019 km y0rusy50 ca
|
| 101 |
1 |
|
|a rus
|c eng
|
| 102 |
|
|
|a RU
|
| 105 |
|
|
|a a z 001zy
|
| 200 |
1 |
|
|a Высокоэффективный капиллярный электрофорез
|e пер. с англ. языка 2-го испр. и доп. издания
|f под ред. Х. Х. Лауэра, Г. П. Розинга
|
| 210 |
|
|
|a Санкт-Петербург
|c Профессия
|d 2019
|
| 215 |
|
|
|a 240 с.
|c ил.
|
| 320 |
|
|
|a Библиогр.: с. 229-239
|
| 330 |
|
|
|a В обновленном издании приведены основы метода, режимы работы установок и оборудование для высокоэффективного капиллярного электрофореза (ВЭКЭ/НРСЕ). Подробно рассмотрены методы ВЭКЭ — капиллярный зональный электрофорез CZE, мицеллярная электрокинетическая хроматография МЕКС, капиллярная электрохроматография СЕС, система CE-MS и др. Освещены вопросы разделения для более эффективного внедрения методов в практику лабораторий. Особое внимание уделено применению метода в фармацевтическом анализе и других областях. Издание хорошо иллюстрировано, содержит практические рекомендации по выбору оборудования и приборов и послужит хорошим практическим пособием для специалистов аналитических и производственных лабораторий.
|
| 606 |
1 |
|
|a Электрофорез
|2 stltpush
|3 (RuTPU)RU\TPU\subj\20994
|9 46050
|
| 610 |
1 |
|
|a высокоэффективный капиллярный электрофорез
|
| 610 |
1 |
|
|a ВЭКЭ
|
| 610 |
1 |
|
|a режимы работы
|
| 610 |
1 |
|
|a оборудование
|
| 610 |
1 |
|
|a хроматография
|
| 610 |
1 |
|
|a практическое применение
|
| 675 |
|
|
|a 543.545
|v 4
|
| 702 |
|
1 |
|a Лауэр
|b Х. Х.
|g Хенк Х.
|4 340
|
| 702 |
|
1 |
|a Розинг
|b Г. П.
|g Герард П.
|4 340
|
| 801 |
|
1 |
|a RU
|b 63413507
|c 20191014
|
| 801 |
|
2 |
|a RU
|b 63413507
|c 20191114
|g RCR
|
| 942 |
|
|
|c BK
|
| 959 |
|
|
|a 17/20191014
|d 1
|e 1200,00
|f ЧЗТЛ:1
|